Histórias da Maria-dos-olhos-grandes e do Zé pimpão (Registo nº 4661)

Detalhes MARC
000 -Etiqueta do registo
Cabeçalho 00584nam0a2200205 4500
005 - Identificador da versão
Campo de controlo 20240813122108.0
100 ## - Dados gerais de processamento
Dados gerais de processamento 20190128f198- bc y0pory5003 ba
102 ## - Pais de publicação ou produção
País de publicação Portugal
101 0# - Língua de publicação
Língua do texto, banda sonora, etc. Português
215 ## - Descrição física 
Indicação específica da natureza do documento e extensão da espécie [16] p.
Outras indicações físicas il
200 1# - Titulo e menção de responsabilidade
Título próprio Histórias da Maria-dos-olhos-grandes e do Zé pimpão
Primeira menção de responsabilidade Canuto Jorge Glória
210 ## - Publicação, Distribuição, etc. 
Lugar da edição, distribuição, etc. [S. l.
Nome do editor, distribuidor, etc. Itau
Data da publicação, distribuição, etc. 198-?]
606 ## - Nome comum usado como assunto
Número de registo de entrada de autoridade 0001358
Palavra de ordem Literatura portuguesa
Subdivisão de assunto Poesia
Código do sistema CA
675 ## - Classificação Decimal Universal (CDU)
Notação 821.134.3-1
Edição 3ª ed.
Língua da edição por
700 #1 - Nome de autor-pessoa física (responsabilidade principal)
Número de registo de entrada de autoridade 0002059
Palavra de ordem Glória
Outra parte do nome não tomada para palavra de ordem Canuto Jorge
966 ## - Identificação da Biblioteca
Sigla EBVEN
942 ## - Elementos de entrada adicionados (Koha)
Tipo de item no Koha Livro
Exemplares
Situação do levantamento Origin of item (home branch) (coded) Biblioteca de empréstimo Código de barras Cota Circulation type (not for loan) Tipo de documento Nota do exemplar Damaged status
  Biblioteca Escolar das Vendas Biblioteca Escolar das Vendas BEV1403 8POR GlÓ   Livro Sem mensagem